<?xml version="1.0" encoding="UTF-8"?>
<record
    xmlns:xsi="http://www.w3.org/2001/XMLSchema-instance"
    xsi:schemaLocation="http://www.loc.gov/MARC21/slim http://www.loc.gov/standards/marcxml/schema/MARC21slim.xsd"
    xmlns="http://www.loc.gov/MARC21/slim">

  <leader>02699nam0a2200445   4500</leader>
  <controlfield tag="001">RU\NLR\bibl\1871536</controlfield>
  <controlfield tag="005">20260407051232.0</controlfield>
  <datafield tag="021" ind1=" " ind2=" ">
    <subfield code="a">RU</subfield>
    <subfield code="b">2012-6237</subfield>
    <subfield code="9">455</subfield>
  </datafield>
  <datafield tag="035" ind1=" " ind2=" ">
    <subfield code="a">(NLR Aleph) 001861373</subfield>
  </datafield>
  <datafield tag="090" ind1=" " ind2=" ">
    <subfield code="a">2536126</subfield>
    <subfield code="c">2536126</subfield>
  </datafield>
  <datafield tag="100" ind1=" " ind2=" ">
    <subfield code="a">20120218d2011    |||y0rusy50      ca</subfield>
  </datafield>
  <datafield tag="101" ind1="0" ind2=" ">
    <subfield code="a">rus</subfield>
  </datafield>
  <datafield tag="102" ind1=" " ind2=" ">
    <subfield code="a">RU</subfield>
  </datafield>
  <datafield tag="105" ind1=" " ind2=" ">
    <subfield code="a">a   z   000zy</subfield>
  </datafield>
  <datafield tag="135" ind1=" " ind2=" ">
    <subfield code="a">crmn mmmancda</subfield>
  </datafield>
  <datafield tag="200" ind1="1" ind2=" ">
    <subfield code="a">&#x420;&#x430;&#x437;&#x440;&#x430;&#x431;&#x43E;&#x442;&#x43A;&#x430; &#x438; &#x43D;&#x430;&#x447;&#x430;&#x43B;&#x43E; &#x43E;&#x441;&#x432;&#x43E;&#x435;&#x43D;&#x438;&#x44F; &#x43F;&#x440;&#x43E;&#x433;&#x440;&#x430;&#x43C;&#x43C; &#x441;&#x43E;&#x432;&#x435;&#x440;&#x448;&#x435;&#x43D;&#x441;&#x442;&#x432;&#x43E;&#x432;&#x430;&#x43D;&#x438;&#x44F; &#x43F;&#x440;&#x43E;&#x438;&#x437;&#x432;&#x43E;&#x434;&#x441;&#x442;&#x432;&#x430; &#x432; &#x43F;&#x43E;&#x434;&#x440;&#x430;&#x437;&#x434;&#x435;&#x43B;&#x435;&#x43D;&#x438;&#x44F;&#x445; &#x443;&#x433;&#x43B;&#x435;&#x434;&#x43E;&#x431;&#x44B;&#x432;&#x430;&#x44E;&#x449;&#x435;&#x433;&#x43E; &#x43F;&#x440;&#x435;&#x434;&#x43F;&#x440;&#x438;&#x44F;&#x442;&#x438;&#x44F;</subfield>
    <subfield code="f">[&#x424;&#x435;&#x434;&#x43E;&#x440;&#x43E;&#x432; &#x410;.&#x412;., &#x412;&#x435;&#x43B;&#x438;&#x43A;&#x43E;&#x441;&#x435;&#x43B;&#x44C;&#x441;&#x43A;&#x438;&#x439; &#x410;.&#x412;., &#x41C;&#x430;&#x432;&#x440;&#x438;&#x43D; &#x412;.&#x410;. &#x438; &#x434;&#x440;.</subfield>
    <subfield code="g">&#x41D;&#x418;&#x418;&#x41E;&#x413;&#x420;, &#x421;&#x423;&#x42D;&#x41A;, &#x421;&#x438;&#x431;&#x438;&#x440;&#x441;&#x43A;&#x430;&#x44F; &#x443;&#x433;&#x43E;&#x43B;&#x44C;&#x43D;&#x430;&#x44F; &#x44D;&#x43D;&#x435;&#x440;&#x433;&#x435;&#x442;&#x438;&#x447;&#x435;&#x441;&#x43A;&#x430;&#x44F; &#x43A;&#x43E;&#x43C;&#x43F;&#x430;&#x43D;&#x438;&#x44F;]</subfield>
  </datafield>
  <datafield tag="210" ind1=" " ind2=" ">
    <subfield code="a">&#x41C;&#x43E;&#x441;&#x43A;&#x432;&#x430;</subfield>
    <subfield code="c">&#x413;&#x43E;&#x440;&#x43D;&#x430;&#x44F; &#x43A;&#x43D;&#x438;&#x433;&#x430;</subfield>
    <subfield code="d">2011</subfield>
  </datafield>
  <datafield tag="215" ind1=" " ind2=" ">
    <subfield code="a">34, [2] &#x441;.</subfield>
    <subfield code="c">&#x438;&#x43B;., &#x446;&#x432;. &#x438;&#x43B;.</subfield>
    <subfield code="d">20</subfield>
  </datafield>
  <datafield tag="225" ind1="1" ind2=" ">
    <subfield code="a">&#x411;&#x438;&#x431;&#x43B;&#x438;&#x43E;&#x442;&#x435;&#x43A;&#x430; &#x433;&#x43E;&#x440;&#x43D;&#x43E;&#x433;&#x43E; &#x438;&#x43D;&#x436;&#x435;&#x43D;&#x435;&#x440;&#x430;-&#x440;&#x443;&#x43A;&#x43E;&#x432;&#x43E;&#x434;&#x438;&#x442;&#x435;&#x43B;&#x44F;</subfield>
    <subfield code="v">&#x432;&#x44B;&#x43F;. 15</subfield>
  </datafield>
  <datafield tag="225" ind1="1" ind2=" ">
    <subfield code="a">&#x413;&#x43E;&#x440;&#x43D;&#x44B;&#x439; &#x438;&#x43D;&#x444;&#x43E;&#x440;&#x43C;&#x430;&#x446;&#x438;&#x43E;&#x43D;&#x43D;&#x43E;-&#x430;&#x43D;&#x430;&#x43B;&#x438;&#x442;&#x438;&#x447;&#x435;&#x441;&#x43A;&#x438;&#x439; &#x431;&#x44E;&#x43B;&#x43B;&#x435;&#x442;&#x435;&#x43D;&#x44C;</subfield>
    <subfield code="e">(&#x43D;&#x430;&#x443;&#x447;&#x43D;&#x43E;-&#x442;&#x435;&#x445;&#x43D;&#x438;&#x447;&#x435;&#x441;&#x43A;&#x438;&#x439; &#x436;&#x443;&#x440;&#x43D;&#x430;&#x43B;)</subfield>
    <subfield code="i">&#x41E;&#x442;&#x434;&#x435;&#x43B;&#x44C;&#x43D;&#x430;&#x44F; &#x441;&#x442;&#x430;&#x442;&#x44C;&#x44F;</subfield>
    <subfield code="x">0236-1493</subfield>
    <subfield code="v">&#x2116; 11</subfield>
  </datafield>
  <datafield tag="300" ind1=" " ind2=" ">
    <subfield code="a">&#x410;&#x432;&#x442;. &#x443;&#x43A;&#x430;&#x437;&#x430;&#x43D;&#x44B; &#x432; &#x43C;&#x430;&#x43A;&#x435;&#x442;&#x435;</subfield>
  </datafield>
  <datafield tag="320" ind1=" " ind2=" ">
    <subfield code="a">&#x411;&#x438;&#x431;&#x43B;&#x438;&#x43E;&#x433;&#x440;. &#x432; &#x43A;&#x43E;&#x43D;&#x446;&#x435; &#x43A;&#x43D;. &#x438; &#x432; &#x43F;&#x43E;&#x434;&#x441;&#x442;&#x440;&#x43E;&#x447;. &#x43F;&#x440;&#x438;&#x43C;&#x435;&#x447;.</subfield>
  </datafield>
  <datafield tag="325" ind1=" " ind2=" ">
    <subfield code="a">&#x41A;&#x43E;&#x43F;&#x438;&#x44F; &#x434;&#x43E;&#x441;&#x442;&#x443;&#x43F;&#x43D;&#x430; &#x432; &#x42D;&#x43B;&#x435;&#x43A;&#x442;&#x440;&#x43E;&#x43D;. &#x431;-&#x43A;&#x435; &#x420;&#x41D;&#x411;</subfield>
  </datafield>
  <datafield tag="606" ind1="1" ind2=" ">
    <subfield code="a">&#x423;&#x433;&#x43E;&#x43B;&#x44C;&#x43D;&#x430;&#x44F; &#x43F;&#x440;&#x43E;&#x43C;&#x44B;&#x448;&#x43B;&#x435;&#x43D;&#x43D;&#x43E;&#x441;&#x442;&#x44C;</subfield>
    <subfield code="x">&#x41F;&#x440;&#x43E;&#x438;&#x437;&#x432;&#x43E;&#x434;&#x438;&#x442;&#x435;&#x43B;&#x44C;&#x43D;&#x43E;&#x441;&#x442;&#x44C; &#x442;&#x440;&#x443;&#x434;&#x430;</subfield>
    <subfield code="9">2259951</subfield>
    <subfield code="3">RU\NLR\AUTH\6601584974</subfield>
  </datafield>
  <datafield tag="686" ind1="1" ind2=" ">
    <subfield code="a">&#x423;30(2)565.1-641</subfield>
  </datafield>
  <datafield tag="701" ind1=" " ind2="1">
    <subfield code="8">rus</subfield>
    <subfield code="7">ca</subfield>
    <subfield code="a">&#x424;&#x435;&#x434;&#x43E;&#x440;&#x43E;&#x432;</subfield>
    <subfield code="b">&#x410;. &#x412;.</subfield>
    <subfield code="c">&#x441;&#x43F;&#x435;&#x446;&#x438;&#x430;&#x43B;&#x438;&#x441;&#x442; &#x432; &#x43E;&#x431;&#x43B;. &#x443;&#x433;&#x43E;&#x43B;&#x44C;&#x43D;&#x43E;&#x439; &#x43F;&#x440;&#x43E;&#x43C;-&#x441;&#x442;&#x438;</subfield>
    <subfield code="g">&#x410;&#x43D;&#x434;&#x440;&#x435;&#x439; &#x412;&#x438;&#x442;&#x430;&#x43B;&#x44C;&#x435;&#x432;&#x438;&#x447;</subfield>
    <subfield code="3">RU\NLR\AUTH\77126642</subfield>
    <subfield code="9">109566</subfield>
  </datafield>
  <datafield tag="701" ind1=" " ind2="1">
    <subfield code="a">&#x412;&#x435;&#x43B;&#x438;&#x43A;&#x43E;&#x441;&#x435;&#x43B;&#x44C;&#x441;&#x43A;&#x438;&#x439;</subfield>
    <subfield code="b">&#x410;. &#x412;.</subfield>
    <subfield code="g">&#x410;&#x43D;&#x434;&#x440;&#x435;&#x439; &#x412;&#x43B;&#x430;&#x434;&#x438;&#x43C;&#x438;&#x440;&#x43E;&#x432;&#x438;&#x447;</subfield>
  </datafield>
  <datafield tag="701" ind1=" " ind2="1">
    <subfield code="a">&#x41C;&#x430;&#x432;&#x440;&#x438;&#x43D;</subfield>
    <subfield code="b">&#x412;.&#x410;.</subfield>
  </datafield>
  <datafield tag="712" ind1="0" ind2="2">
    <subfield code="4">570</subfield>
    <subfield code="a">&#x41D;&#x430;&#x443;&#x447;&#x43D;&#x43E;-&#x442;&#x435;&#x445;&#x43D;&#x438;&#x447;&#x435;&#x441;&#x43A;&#x438;&#x439; &#x446;&#x435;&#x43D;&#x442;&#x440; &#x443;&#x433;&#x43E;&#x43B;&#x44C;&#x43D;&#x43E;&#x439; &#x43F;&#x440;&#x43E;&#x43C;&#x44B;&#x448;&#x43B;&#x435;&#x43D;&#x43D;&#x43E;&#x441;&#x442;&#x438; &#x43F;&#x43E; &#x43E;&#x442;&#x43A;&#x440;&#x44B;&#x442;&#x44B;&#x43C; &#x433;&#x43E;&#x440;&#x43D;&#x44B;&#x43C; &#x440;&#x430;&#x431;&#x43E;&#x442;&#x430;&#x43C;</subfield>
    <subfield code="c">&#x427;&#x435;&#x43B;&#x44F;&#x431;&#x438;&#x43D;&#x441;&#x43A;</subfield>
    <subfield code="3">RU\NLR\AUTH\8810020432</subfield>
    <subfield code="9">538851</subfield>
  </datafield>
  <datafield tag="801" ind1=" " ind2="0">
    <subfield code="a">RU</subfield>
    <subfield code="b">NLR</subfield>
    <subfield code="c">20120218</subfield>
    <subfield code="g">RCR</subfield>
  </datafield>
  <datafield tag="801" ind1=" " ind2="1">
    <subfield code="a">RU</subfield>
    <subfield code="b">NLR</subfield>
    <subfield code="c">20120218</subfield>
  </datafield>
  <datafield tag="942" ind1=" " ind2=" ">
    <subfield code="c">BOOK</subfield>
  </datafield>
  <datafield tag="980" ind1=" " ind2=" ">
    <subfield code="a">NB</subfield>
  </datafield>
  <datafield tag="980" ind1=" " ind2=" ">
    <subfield code="a">NBR</subfield>
  </datafield>
  <datafield tag="981" ind1="1" ind2="3">
    <subfield code="a">(13) &#x414;&#x43E;&#x43A;&#x443;&#x43C;&#x435;&#x43D;&#x442;&#x44B;, &#x437;&#x430;&#x449;&#x438;&#x449;&#x435;&#x43D;&#x43D;&#x44B;&#x435; &#x430;&#x432;&#x442;&#x43E;&#x440;&#x441;&#x43A;&#x438;&#x43C; &#x43F;&#x440;&#x430;&#x432;&#x43E;&#x43C;</subfield>
    <subfield code="b">(13) &#x421;&#x43E;&#x432;&#x440;&#x435;&#x43C;&#x435;&#x43D;&#x43D;&#x430;&#x44F; &#x43D;&#x430;&#x443;&#x447;&#x43D;&#x430;&#x44F;, &#x43D;&#x430;&#x443;&#x447;&#x43D;&#x43E;-&#x43F;&#x43E;&#x43F;&#x443;&#x43B;&#x44F;&#x440;&#x43D;&#x430;&#x44F; &#x438; &#x43F;&#x43E;&#x43F;&#x443;&#x43B;&#x44F;&#x440;&#x43D;&#x430;&#x44F; &#x43B;</subfield>
  </datafield>
  <datafield tag="995" ind1=" " ind2=" ">
    <subfield code="5">2012-02-18</subfield>
    <subfield code="a">ad</subfield>
    <subfield code="b">NLR01</subfield>
    <subfield code="c">NLR01</subfield>
    <subfield code="e">FGO</subfield>
    <subfield code="f">3599147</subfield>
    <subfield code="k">&#x424;&#x413;&#x41E;</subfield>
    <subfield code="o">0</subfield>
    <subfield code="r">BOOK</subfield>
    <subfield code="s">_</subfield>
  </datafield>
  <datafield tag="995" ind1=" " ind2=" ">
    <subfield code="5">2012-02-18</subfield>
    <subfield code="a">ad</subfield>
    <subfield code="b">NLR01</subfield>
    <subfield code="c">NLR01</subfield>
    <subfield code="e">OBM</subfield>
    <subfield code="f">3599148</subfield>
    <subfield code="o">0</subfield>
    <subfield code="r">BOOK</subfield>
  </datafield>
</record>
